000
00287nam a22001337a 4500
008
180202b xxu||||| |||| 00| 0 eng d
020
_a
9780590413398
041
_a
eng
080
_a
82
100
_a
21
101
_a
gju
245
_a
FAVORITE GREEK MYTH
_c
MARY.P
942
_2
udc
_c
BK
999
_c
41653
_d
41653